Zużycie i smarowanie maszyn okrętowych /

Uložené v:
Podrobná bibliografia
Hlavný autor: Włodarski, Jan Kazimierz
Médium: Kniha
Jazyk:Slovak
Polish
Vydané: Gdańsk : Wydawnictwo Morskie, 1979.
Edícia:Maszyny i siłownie okrętowe 4
ISBN: 8321505600 (viaz.)
Fyzický popis: 234 strán.
Tagy: Pridať tag
Žiadne tagy, Buďte prvý kto otaguje tento záznam!

MARC

LEADER 00000nam a22000004a 4500
001 000554591
005 20170810172915.0
008 170810s1979 xo e 000 0 slo d
020 |a 8321505600 (viaz.)  |c Kčs 29,00 
040 |a SVKKK  |b slo  |c SVKKK  |e AACR2 
041 0 |a pol 
044 |a pl  |c PL 
100 1 |a Włodarski, Jan Kazimierz 
245 1 0 |a Zużycie i smarowanie maszyn okrętowych /  |c Jan Kazimierz Wlodarski. 
260 |a Gdańsk :  |b Wydawnictwo Morskie,  |c 1979. 
300 |a 234 strán. 
490 1 |a Maszyny i siłownie okrętowe  |v 4 
830 0 |a Maszyny i siłownie okrętowe  |v 4 
910 |a svkkk 
919 |a 83-215-0560-0 
998 |a BK 
090 |g SCKHL  |k Sklad Pribinova 1. posch.  |a IV.111205  |j 620688  |i 2720475965  |s Absenčne